AKTA AKTIVITI KERAJAAN ELEKTRONIK 2007 (Akta 680) = (Record no. 2210)

000 -LEADER
fixed length control field nam a22 a 4500
003 - CONTROL NUMBER IDENTIFIER
control field AKMAL
005 - DATE AND TIME OF LATEST TRANSACTION
control field 20170515154326.0
008 - FIXED-LENGTH DATA ELEMENTS--GENERAL INFORMATION
fixed length control field 170515s2007 my e 000 0 eng d
040 ## - CATALOGING SOURCE
Original cataloging agency AKMAL
082 04 - DEWEY DECIMAL CLASSIFICATION NUMBER
Classification number 346.595023 MAL
Edition number 23
090 20 - LOCALLY ASSIGNED LC-TYPE CALL NUMBER (OCLC); LOCAL CALL NUMBER (RLIN)
Classification number (OCLC) (R) ; Classification number, CALL (RLIN) (NR) 346.595023
Local cutter number (OCLC) ; Book number/undivided call number, CALL (RLIN) MAL
110 1# - MAIN ENTRY--CORPORATE NAME
Corporate name or jurisdiction name as entry element Malaysia
9 (RLIN) 400
245 10 - TITLE STATEMENT
Title AKTA AKTIVITI KERAJAAN ELEKTRONIK 2007 (Akta 680) =
Remainder of title ELECTRONIC GOVERMENT ACTIVITIES ACT 2007 (Act 680) /
Statement of responsibility, etc. [Disusun oleh Lembaga Penyelidikan Undang-undang]
246 31 - VARYING FORM OF TITLE
Title proper/short title Electronic Goverment Activities Act 2007 (Act 680)
264 #1 - PRODUCTION, PUBLICATION, DISTRIBUTION, MANUFACTURE, AND COPYRIGHT NOTICE
Place of production, publication, distribution, manufacture [Kuala Lumpur] :
Name of producer, publisher, distributor, manufacturer PNMB,
Date of production, publication, distribution, manufacture, or copyright notice [2007]
300 ## - PHYSICAL DESCRIPTION
Extent 21 pages ;
Dimensions 25 cm.
490 1# - SERIES STATEMENT
Series statement UNDANG-UNDANG MALAYSIA
500 ## - GENERAL NOTE
General note Parallel text in Bahasa Malaysia and English
650 10 - SUBJECT ADDED ENTRY--TOPICAL TERM
Topical term or geographic name entry element Electronic mail messages
General subdivision Law and legislation
Geographic subdivision Malaysia
9 (RLIN) 4651
650 20 - SUBJECT ADDED ENTRY--TOPICAL TERM
Topical term or geographic name entry element Electronic mail systems
Geographic subdivision Malaysia
9 (RLIN) 4652
710 2# - ADDED ENTRY--CORPORATE NAME
Corporate name or jurisdiction name as entry element Lembaga Penyelidikan Undang-undang,
Relator term issuing body.
9 (RLIN) 4653
830 #0 - SERIES ADDED ENTRY--UNIFORM TITLE
Uniform title Undang-undang Malaysia
9 (RLIN) 4654
942 ## - ADDED ENTRY ELEMENTS (KOHA)
Source of classification or shelving scheme
Koha item type Book
950 ## - LOCAL HOLDINGS (RLIN)
Permanent shelving location, LOC (RLIN) AKMAL
Holdings
Withdrawn status Lost status Source of classification or shelving scheme Damaged status Not for loan Collection code Home library Current library Shelving location Date acquired Inventory number Total Checkouts Full call number Barcode Date last seen Price effective from Koha item type
          NON-FICTION AKMAL Melaka AKMAL Melaka PINJAMAN 17.05.2017 304942   346.595023 MAL 201703237 17.05.2017 17.05.2017 Book
          NON-FICTION AKMAL Melaka AKMAL Melaka PINJAMAN 17.05.2017     346.595023 MAL 201703238 17.05.2017 17.05.2017 Book
Pusat Sumber Maklumat Dato' Haji Sarmin Md Hussin, Akademi Kastam Diraja Malaysia, Melaka
Tel: 06-2331106 | Faks: 06-2313787